000 01013nam a22002297a 4500
999 _c331916
_d331916
003 NUST
005 20190228104741.0
008 171102b xxu||||| |||| 00| 0 eng d
020 _a9789694163932
_cHbk
038 _aArshad
040 _cNUST
082 _a200.1
_bEAT
100 _aEaton, Gai ( Ḥasan ʻAbdulḥakīm)
_95840
245 _aMīr sāmān-i vajūd:
_bjahān sarāʼe hastī mein̲ insānī ik̲h̲tiyār aur zimmahdārī /
_cGai Eaton [i.e.] Ḥasan ʻAbdul Ḥakīm ; tarjumah, Muḥammad Suhail ʻUmar, N'amānah ʻUmar.
260 _aLahore:
_bIqbal academy Pakistan,
_c2007
300 _a144 p.
650 _aIqbaliyat
_981
880 _6100-01\(3\r
_aحسن عبد الحکیم
880 _6245-02\(3\r
_aمیر سامان وجود:
_bجھاں سرائے ھستی میں انسانی اختیار اور ذمہ داری
_cترجمہ: محمد سھیل عمر، نعمانہ عمر
880 _6260-03\(3\r
_aلاہور:
_bاقبال اکادمی پاکستان،
_c2007
942 _2ddc
_cBK